| Tag |
First Indicator |
Second Indicator |
Subfields |
| LEADER |
00000cam a2200000 a 4500 |
| 001 |
in00000009962 |
| 005 |
20151007051609.0 |
| 008 |
870309s1987 onc b 00110 eng c |
| 010 |
|
|
|a cn 87093732
|
| 015 |
|
|
|a C87-93732-4
|
| 020 |
|
|
|a 0802057438 :
|c $35.00
|
| 035 |
|
|
|a (OCoLC)16179115
|
| 035 |
|
|
|9 AAA3798AM
|
| 040 |
|
|
|a CaOTU
|b eng
|c NLC
|d TXA
|d UtOrBLW
|
| 049 |
|
|
|a TXAM
|c [A12642734]
|
| 050 |
|
4 |
|a PR3069.L6
|b S76 1987
|
| 082 |
0 |
|
|a 822.3/3
|2 19
|
| 100 |
1 |
|
|a Stockholder, Kay,
|d 1928-
|
| 245 |
1 |
0 |
|a Dream works :
|b lovers and families in Shakespeare's plays /
|c Kay Stockholder.
|
| 264 |
|
1 |
|a Toronto :
|b University of Toronto Press,
|c [1987]
|
| 264 |
|
4 |
|c ©1987
|
| 300 |
|
|
|a x, 281 pages ;
|c 24 cm.
|
| 336 |
|
|
|a text
|b txt
|2 rdacontent
|
| 337 |
|
|
|a unmediated
|b n
|2 rdamedia
|
| 338 |
|
|
|a volume
|b nc
|2 rdacarrier
|
| 504 |
|
|
|a Includes bibliographical references and index.
|
| 600 |
1 |
0 |
|a Shakespeare, William,
|d 1564-1616
|x Criticism and interpretation.
|
| 600 |
1 |
0 |
|a Shakespeare, William,
|d 1564-1616
|x Knowledge
|x Manners and customs.
|
| 650 |
|
0 |
|a Love in literature.
|
| 650 |
|
0 |
|a Families in literature.
|
| 999 |
|
|
|a MARS
|
| 999 |
f |
f |
|s 90362f12-f5a5-307f-b644-6f93f627e091
|i 208b2a61-d39c-3c55-bd61-7a22f0959075
|t 0
|
| 952 |
f |
f |
|p normal
|a Texas A&M University
|b College Station
|c Sterling C. Evans Library
|d Evans: Library Stacks
|t 0
|e PR3069.L6 S76 1987
|h Library of Congress classification
|i unmediated -- volume
|m A14812642734
|
| 998 |
f |
f |
|a PR3069.L6 S76 1987
|t 0
|l Evans: Library Stacks
|